000 01316nam a2200325 c 4500
003 BLK
005 20240924094140.0
008 180412b bul|||||r ||||||| ||bul||
010 _aKNG00011228000
020 _a954-07-0071-Х
_bиздат.: Унив. изд. Св. Климент Охридски
040 _aBLK
041 _aBUL
_cBUL
080 _aГражданско право
_b347
_x(497.2)
_z347(497.2)
100 1 _aКонов, Траян Константинов
_d1957 -
_981932
139 _aКонов, Траян Константинов
_bК 81
245 1 0 _aОснование на гражданската отговорност
_cТраян Константинов Конов.
257 _aBGR
260 София
_bУнив. изд. Св. Климент Охридски
_c1995
300 _a238 с.
_c20 см
380 _a3
500 _aДеп. списък: 6 ; 1 065 тир Геогр. руб.: България
650 4 _aОтговорност (юрид. ) - в гражданското право - България
_9254828
653 _aотговорност
852 _aЦб 185950
856 4 _qpdf
_u
856 4 _qpdf
_u
942 _cKNG
_n0
944 _aCR
_c15.01.2003
_k30560
_lГеновева Генчева
944 _aED
_c17.10.2005
_k
999 _c9793
_d9793